000 00848nam a22002777a 4500
003 CHAP
005 20220329135240.0
008 971013s1971 r 00010 d
010 _a33275
011 _a34247
035 _a38363
040 _cCHAP
082 _a581.5
_bE5
100 0 0 _aEllenberg, Heinz.
_936352
245 _aIntegrated experimental ecology; methods and results of ecosystem research in the German Solling project
260 _aLondon :
_bChapman,
_c1971
300 _a214 p.
_b: ilus.
490 _aEcological studies
_v; 2
590 _aBATCH-UPD
_b10
_c20130110
_lUCH01
_h1835
590 _aCONVERSION
_b10
_c20130109
_lUCH01
_h1319
650 1 4 _aEcosistema.
_935290
830 0 _aEcological studies
_v; 2
_935133
901 _aBK
942 _cLIBRO
949 _a581.5 E5
_bBC
_cLIBRO
_d33724000542361
_eLIBRO
_h17075
_i38363
_si
999 _c33275
_d33275